MARC

LEADER 00000ngm^a2200000^a^4500
001 000563332
005 20250521000000.0
009 20260310132004.226
037 |a Acervo ITESO - Biblioteca 
041 |a OTR 
082 |a 891. 82  |b KUS 
100 |a Kusijanović, Antoneta Alamat  |e (realización) 
245 1 0 |a Murina =  |b Murina /  |c Realización de A.A. Kusijanović. 
246 2 |a Título en México: no conocido/no identificado 
246 2 |a Título alternativo en español (España): Murina 
264 2 |a Nueva York, EUA :  |b Kino Lorber [distribución],  |c 2022, c2022 
300 |a 1 blu-ray región A (95, 28 min.) :  |b color 
336 |a imagen móvil bidimensional  |b tdi  |2 rdacontenido 
337 |a video  |b v  |2 rdamedio 
338 |a videodisco  |b vd  |2 rdasoporte 
546 |a En croata, con subtítulos opcionales: inglés 
649 |a XX 
650 |a Cineastas Croatas -  |x Entrevistas 
650 |a Mujeres en el Cine 
650 |a Mujeres Croatas -  |x Entrevistas 
650 |a Adolescentes en el Cine 
650 |a Anguilas en el Cine 
650 |a Dramas Cinematográficos 
650 |a Opera Prima 
650 |a Cine de Mujeres -  |z Croacia 
650 |a Cine Croata -  |y 2020-2029 
650 |a Cine Croata -  |y Siglo XXI 
650 |a Viajes Marítimos 
650 |a Abuso de Poder 
650 |a Poder (Ciencias Sociales) 
650 |a Relaciones Padres-Hijos 
650 |a Relaciones Familiares 
650 |a Machismo 
650 |a Patriarcado 
650 |a Feminismo 
650 |a Sexualidad 
650 |a Adriático (Mar) en el Cine 
650 |a Kusijanović, Antoneta Alamat 
700 |a Kusijanović, Antoneta Alamat  |e (guión) 
700 |a Graziano, Frank  |e (guión) 
700 |a Louvart, Hélène  |e (fotógrafo) 
700 |a Baksic, Amela  |e (vestuario) 
700 |a Gojun, Vladimir  |e (montaje) 
700 |a Galperine, Evgueni  |e (música) 
700 |a Galperine, Sacha  |e (música) 
700 |a Sweet, Jeremy  |e (música) 
700 |a Filipovic, Gracija  |e (actuación) 
700 |a Lucev, Leon  |e (actuación) 
700 |a Curcic, Danica  |e (actuación) 
910 |a Fondo General 
920 |a Audiovisuales - Blu-rays 
940 |a Películas 
905 |a 303 
901 |a 0500401014  |b IT2  |c BRS  |i C182249  |u 20250521 
902 |a https://opac.biblio.iteso.mx/vufind/Record/000563332